000 00612nam a2200181Ia 4500
008 090124s9999 xx 000 0 und d
082 _b115558
100 _aभावे पु. भा. (पुरुषोत्तम भास्कर)
245 _a स्मरणी
250 _a1
260 _c1974
300 _a146
600 _aभावे पु. भा. (पुरुषोत्तम भास्कर)
630 _a स्मरणी
700 _aभावे पु. भा. (पुरुषोत्तम भास्कर)
730 _a स्मरणी
942 _cBOOK
999 _c161649
_d161649